[Event "LTU-ch sf"]
[Site "Kaunas"]
[Date "2024.03.11"]
[Round "8"]
[White "Morkunas, Gustas"]
[Black "Nainys, Zanas1"]
[Result "0-1"]
[WhiteElo "2091"]
[BlackElo "2010"]
[PlyCount "102"]
[EventDate "2024.03.06"]
[EventType "swiss"]
[EventRounds "8"]
[EventCountry "LTU"]
[SourceTitle "CB11_2024"]
[SourceDate "2024.03.13"]
[SourceVersion "1"]
[SourceVersionDate "2024.03.13"]
[SourceQuality "1"]

1. e4 e6 2. d4 d5 3. Nc3 Bb4 4. Nge2 Nc6 5. e5 f6 6. exf6 Nxf6 7. a3 Bd6 8. Ng3 0-0 9. Be2 e5 10. dxe5 Bxe5 11. 0-0 Nd4 12. Bg5 h6 13. Bxf6 Nxe2+ 14. Ngxe2 Qxf6 15. Nxd5 Qd6 16. Ne3 Bxb2 17. Qxd6 cxd6 18. Ra2 Be5 19. c4 Be6 20. Rd2 Rac8 21. f4 Bf6 22. Rc1 Rfd8 23. Kf2 Rc5 24. Nd4 Bf7 25. Ndf5 d5 26. Rcd1 d4 27. Nxd4 Bxc4 28. Ndf5 Rxd2+ 29. Rxd2 Be6 30. Nd6 Rc3 31. Ne4 Rxa3 32. Nxf6+ gxf6 33. Rd8+ Kg7 34. Re8 Kf7 35. Rb8 Rb3 36. g4 a5 37. Ra8 Rb5 38. h4 b6 39. Ra7+ Kf8 40. h5 Rb4 41. Kf3 a4 42. g5 fxg5 43. fxg5 hxg5 44. h6 Rh4 45. h7 b5 46. Ra5 Rxh7 47. Rxb5 a3 48. Rxg5 Rh1 49. Ra5 a2 50. Nc2 Rc1 51. Nd4 Bf7 0-1

[Event "Wch U14"]
[Site "Montesilvano"]
[Date "2023.11.14"]
[Round "2"]
[White "Morkunas, Gustas"]
[Black "Arca, Christian Gian Karl"]
[Result "1/2-1/2"]
[WhiteElo "2052"]
[BlackElo "2347"]
[PlyCount "116"]
[EventDate "2023.11.13"]
[EventType "swiss"]
[EventRounds "11"]
[EventCountry "ITA"]
[SourceTitle "CB48_2023"]
[SourceDate "2023.11.29"]
[SourceVersion "1"]
[SourceVersionDate "2023.11.29"]
[SourceQuality "1"]

1. e4 c6 2. d4 d5 3. exd5 cxd5 4. Bd3 Nc6 5. c3 Nf6 6. h3 g6 7. Bf4 Bg7 8. Nf3 Bf5 9. Be2 h5 10. 0-0 Ne4 11. Nbd2 e6 12. Qb3 Qe7 13. Nxe4 dxe4 14. Ne5 Bxe5 15. Bxe5 Nxe5 16. dxe5 0-0-0 17. Qc4+ Kb8 18. Rad1 Rd5 19. Rxd5 exd5 20. Qd4 Re8 21. Rd1 Qxe5 22. Qxd5 Qxd5 23. Rxd5 Be6 24. Re5 Rd8 25. Rxe4 Rd2 26. b4 Rxa2 27. h4 Rc2 28. Re3 b6 29. Ba6 Kc7 30. f3 Ra2 31. Bd3 Kd6 32. Re4 Ra3 33. Rd4+ Kc7 34. c4 a5 35. bxa5 bxa5 36. Be4 Rc3 37. Bd5 a4 38. Bxe6 fxe6 39. c5 a3 40. Ra4 Kc6 41. Ra5 Kd5 42. Kh2 Kc4 43. c6 Kb3 44. Ra6 e5 45. Rb6+ Ka4 46. Ra6+ Kb5 47. Ra8 Kb6 48. Rb8+ Kc7 49. Ra8 Rb3 50. Ra6 Kd6 51. Kg3 Rc3 52. Kh2 Kc7 53. Kg3 Rb3 54. Kh2 Kd6 55. Kg3 Rc3 56. Kh2 Rd3 57. Kg3 Rb3 58. Kh2 Kc7 1/2-1/2

[Event "Taujenai-ch rapid"]
[Site "Taujenai"]
[Date "2023.10.29"]
[Round "7"]
[White "Maziukas, Kasparas"]
[Black "Morkunas, Gustas"]
[Result "1/2-1/2"]
[WhiteElo "1940"]
[BlackElo "2039"]
[PlyCount "71"]
[EventDate "2023.10.28"]
[EventType "swiss (rapid)"]
[EventRounds "10"]
[EventCountry "LTU"]
[SourceTitle "Mega2024 Update 01"]
[Source "Chessbase"]
[SourceDate "2023.11.12"]
[SourceVersion "1"]
[SourceVersionDate "2023.11.12"]
[SourceQuality "1"]

1. d4 d5 2. c4 e6 3. Nf3 dxc4 4. e3 Nf6 5. Bxc4 c5 6. 0-0 a6 7. dxc5 Bxc5 8. Qxd8+ Kxd8 9. Rd1+ Ke7 10. b3 Nbd7 11. Bb2 b6 12. Nc3 Bb7 13. Rac1 Rac8 14. Be2 Rhd8 15. Na4 Bd6 16. h3 b5 17. Nc3 Nb6 18. Nb1 Rxc1 19. Rxc1 g6 20. Nbd2 Nfd7 21. Nd4 Rc8 22. Rxc8 Nxc8 23. Bf3 Bxf3 24. N2xf3 Ke8 25. Ng5 h6 26. Ne4 Bf8 27. Nc6 Nd6 28. Nxd6+ Bxd6 29. Kf1 Nb6 30. Ke2 Nd5 31. Kd2 Kd7 32. Ne5+ Ke7 33. Nc6+ Kd7 34. Ne5+ Ke7 35. Nc6+ Kd7 36. Ne5+ 1/2-1/2

[Event "Taujenai-ch rapid"]
[Site "Taujenai"]
[Date "2023.10.29"]
[Round "10"]
[White "Morkunas, Gustas"]
[Black "Senavaitis, Kazimieras"]
[Result "1-0"]
[WhiteElo "2039"]
[BlackElo "1551"]
[PlyCount "43"]
[EventDate "2023.10.28"]
[EventType "swiss (rapid)"]
[EventRounds "10"]
[EventCountry "LTU"]
[SourceTitle "Mega2024 Update 01"]
[Source "Chessbase"]
[SourceDate "2023.11.12"]
[SourceVersion "1"]
[SourceVersionDate "2023.11.12"]
[SourceQuality "1"]

1. e4 c6 2. d4 d6 3. Nc3 Qc7 4. Nf3 e5 5. Be3 Bg4 6. h3 Bh5 7. a4 a5 8. Bc4 Nf6 9. 0-0 Be7 10. Be2 Nbd7 11. Nd2 exd4 12. Bxd4 Bxe2 13. Qxe2 Ne5 14. f4 Ng6 15. Rae1 0-0 16. Qf3 Rad8 17. Bf2 Ne8 18. Nc4 c5 19. Nd5 Qd7 20. Ncb6 Qe6 21. f5 Ne5 22. Qg3 1-0

[Event "Taujenai-ch rapid"]
[Site "Taujenai"]
[Date "2023.10.29"]
[Round "8"]
[White "Morkunas, Gustas"]
[Black "Tutinas, Romualdas"]
[Result "0-1"]
[WhiteElo "2039"]
[BlackElo "1658"]
[PlyCount "110"]
[EventDate "2023.10.28"]
[EventType "swiss (rapid)"]
[EventRounds "10"]
[EventCountry "LTU"]
[SourceTitle "Mega2024 Update 01"]
[Source "Chessbase"]
[SourceDate "2023.11.12"]
[SourceVersion "1"]
[SourceVersionDate "2023.11.12"]
[SourceQuality "1"]

1. e4 d6 2. d4 Nf6 3. Nc3 g6 4. Be3 Bg7 5. Qd2 0-0 6. Nf3 Ng4 7. Bg5 c5 8. dxc5 dxc5 9. Qxd8 Rxd8 10. h3 Bxc3+ 11. bxc3 Nf6 12. Nd2 Nc6 13. Be3 b6 14. g4 Bb7 15. Bg2 Rd7 16. 0-0 Rad8 17. g5 Ne8 18. Nf3 Nd6 19. Nh2 Nb5 20. Ng4 Nxc3 21. f3 Rd1 22. Nf2 Rxa1 23. Rxa1 Nb4 24. Ng4 Nxc2 25. Rf1 Rd1 26. Rxd1 Nxd1 27. Bd2 Nd4 28. Kh2 Ba6 29. Ne5 f6 30. Nd7 Kf7 31. gxf6 exf6 32. e5 c4 33. Nxf6 c3 34. Bxc3 Nxc3 35. Nxh7 Ne6 36. Kg3 Nxa2 37. f4 Bc4 38. Nf6 Nc3 39. Bf3 a5 40. h4 Ne2+ 41. Bxe2 Bxe2 42. Ne4 b5 43. Nd6+ Kg7 44. h5 Bxh5 45. Nxb5 Be2 46. Nc3 Bd3 47. Kf3 Bf5 48. Ke3 Kf7 49. Nb5 Ke7 50. Na3 a4 51. Nc4 Kd8 52. Na3 Kc7 53. Nb5+ Kc6 54. Nc3 a3 55. Na2 Kb5 0-1

[Event "Taujenai-ch rapid"]
[Site "Taujenai"]
[Date "2023.10.28"]
[Round "4"]
[White "Morkunas, Gustas"]
[Black "Salna, Aleksandras"]
[Result "1-0"]
[WhiteElo "2039"]
[BlackElo "2217"]
[PlyCount "85"]
[EventDate "2023.10.28"]
[EventType "swiss (rapid)"]
[EventRounds "10"]
[EventCountry "LTU"]
[SourceTitle "Mega2024 Update 01"]
[Source "Chessbase"]
[SourceDate "2023.11.12"]
[SourceVersion "1"]
[SourceVersionDate "2023.11.12"]
[SourceQuality "1"]

1. e4 c5 2. Nf3 Nc6 3. d4 cxd4 4. Nxd4 Nf6 5. Nc3 e5 6. Ndb5 d6 7. Nd5 Nxd5 8. exd5 Nb8 9. a4 Be7 10. Be2 0-0 11. Bd2 a6 12. Na3 a5 13. Bb5 Nd7 14. Qe2 Nf6 15. Qd3 Bg4 16. f3 Bh5 17. 0-0-0 Bg6 18. Qb3 Nd7 19. Be3 Rc8 20. Bxd7 Qxd7 21. Rd2 h6 22. Nc4 Qf5 23. Nb6 Rc7 24. Re1 Bg5 25. Bxg5 Qxg5 26. Qe3 Qf5 27. Ree2 Qh5 28. h3 Qh4 29. Qa3 Rc5 30. Nd7 Rc4 31. b3 Rb4 32. Nxf8 Kxf8 33. Qb2 Qd8 34. Qc3 b5 35. axb5 Rxb5 36. f4 Rc5 37. Qe3 exf4 38. Qxf4 Kg8 39. Kd1 Kh7 40. Ke1 Rc3 41. Kf2 Qc7 42. Kg1 Bxc2 43. Rxc2 1-0

[Event "Titled Tuesday intern op 29th Aug Early"]
[Site "Chess.com INT"]
[Date "2023.08.29"]
[Round "5"]
[White "Morkunas, Gustas"]
[Black "Orujov, Farid"]
[Result "0-1"]
[WhiteElo "2074"]
[BlackElo "2226"]
[PlyCount "94"]
[EventDate "2023.08.29"]
[EventType "swiss (blitz)"]
[EventRounds "11"]
[EventCountry "USA"]
[SourceTitle "EXT 2024"]
[Source "ChessBase"]
[SourceDate "2023.10.10"]
[SourceVersion "1"]
[SourceVersionDate "2023.10.10"]
[SourceQuality "1"]

1. e4 e5 2. Nf3 Nf6 3. d4 Nxe4 4. Bd3 d5 5. Nxe5 Nd7 6. Nc3 Nxc3 7. bxc3 Nxe5 8. dxe5 c5 9. Be3 Be7 10. 0-0 0-0 11. Qh5 g6 12. Qh6 Re8 13. Rfe1 Bf8 14. Qf4 c4 15. Bf1 Bf5 16. Re2 Qa5 17. Bd4 b5 18. g4 Be6 19. Qe3 Bxg4 20. Rd2 Bf5 21. Bg2 Be6 22. f4 b4 23. Kh1 bxc3 24. Bxc3 Bc5 25. Qg3 Qb6 26. Rad1 Rad8 27. Bd4 Bxd4 28. Rxd4 Qb2 29. c3 Qxa2 30. h4 h5 31. Rf1 Qc2 32. Rf2 Qb1+ 33. Rf1 Qc2 34. Rf2 Qf5 35. Kh2 a5 36. Ra2 Ra8 37. Bxd5 Bxd5 38. Rxd5 a4 39. Rd6 a3 40. Rf6 Qb1 41. Qg2 Rab8 42. e6 Rxe6 43. Rxe6 fxe6 44. Rc2 Kh7 45. Rd2 Rb2 46. Qe2 Rxd2 47. Qxd2 Qb2 0-1

[Event "Titled Tuesday intern op 29th Aug Early"]
[Site "Chess.com INT"]
[Date "2023.08.29"]
[Round "9"]
[White "Morkunas, Gustas"]
[Black "Toncheva, Nadya"]
[Result "1-0"]
[WhiteElo "2074"]
[BlackElo "2253"]
[PlyCount "93"]
[EventDate "2023.08.29"]
[EventType "swiss (blitz)"]
[EventRounds "11"]
[EventCountry "USA"]
[SourceTitle "EXT 2024"]
[Source "ChessBase"]
[SourceDate "2023.10.10"]
[SourceVersion "1"]
[SourceVersionDate "2023.10.10"]
[SourceQuality "1"]

1. e4 c5 2. Nf3 Nc6 3. d4 cxd4 4. Nxd4 g6 5. Nc3 Bg7 6. Nxc6 bxc6 7. Bc4 d6 8. 0-0 Nf6 9. Re1 0-0 10. h3 Nd7 11. Be3 Qa5 12. Bd4 Ne5 13. Bb3 Rb8 14. f4 Nd7 15. Bxg7 Kxg7 16. Qd4+ Kg8 17. Rad1 Qc5 18. Kf2 Rb4 19. Qxc5 Nxc5 20. Kf3 a5 21. Rb1 a4 22. a3 Rd4 23. Ba2 Ba6 24. Rbd1 Rxd1 25. Rxd1 Rb8 26. Rb1 Kg7 27. Ke3 f5 28. exf5 gxf5 29. b4 axb3 30. cxb3 Kf6 31. b4 Nd7 32. a4 e5 33. b5 cxb5 34. Nd5+ Kg7 35. Nc7 Rb6 36. axb5 Bb7 37. Be6 Be4 38. Rb2 Nc5 39. Bd5 exf4+ 40. Kd4 Kf6 41. Bxe4 Rb8 42. Nd5+ Ke6 43. Nxf4+ Kf6 44. Nd5+ Ke6 45. Bf3 Rg8 46. Re2+ Kd7 47. Nf6+ 1-0

[Event "World ol U16"]
[Site "Eindhoven"]
[Date "2023.08.16"]
[Round "6.20"]
[White "Morkunas, Gustas"]
[Black "Zaccaria, Noa"]
[Result "1-0"]
[WhiteElo "2074"]
[BlackElo "1690"]
[PlyCount "101"]
[EventDate "2023.08.13"]
[EventType "team-swiss"]
[EventRounds "9"]
[EventCountry "NED"]
[SourceTitle "CBM 215 Extra"]
[Source "ChessBase"]
[SourceDate "2023.09.30"]
[SourceVersion "1"]
[SourceVersionDate "2023.09.30"]
[SourceQuality "1"]
[WhiteTeam "Lithuania"]
[BlackTeam "Luxembourg"]
[WhiteTeamCountry "LTU"]
[BlackTeamCountry "LUX"]

1. e4 c6 2. d4 d5 3. exd5 cxd5 4. Bd3 Nc6 5. c3 Nf6 6. h3 g6 7. Bf4 Bf5 8. Be2 Bg7 9. Nf3 0-0 10. 0-0 Ne4 11. Nbd2 f6 12. Nxe4 Bxe4 13. Nd2 Bf5 14. Nb3 e5 15. dxe5 fxe5 16. Bg3 Kh8 17. Qd2 Be6 18. Nc5 Bg8 19. Rfe1 Qe7 20. Nb3 Rae8 21. Bb5 Rf5 22. Bxc6 bxc6 23. Nd4 Rh5 24. Nxc6 Qf8 25. a4 Bh6 26. Qd3 Bf4 27. b4 Bxg3 28. Qxg3 e4 29. Rad1 Qh6 30. Qe3 Rc8 31. Qd4+ Qg7 32. b5 a6 33. Rb1 axb5 34. axb5 Qxd4 35. cxd4 Rc7 36. b6 Rb7 37. Na5 Rb8 38. b7 Rf5 39. Nc6 Rff8 40. Nxb8 Rxb8 41. Rec1 Be6 42. Rb6 Bf5 43. g4 Bd7 44. Rc7 Kg7 45. Rxd7+ Kh6 46. Rc7 Rf8 47. Rc8 Rf3 48. b8Q e3 49. fxe3 Rxh3 50. Qf4+ Kg7 51. Rb7# 1-0

[Event "Titled Tuesday intern op 08th Aug Early"]
[Site "Chess.com INT"]
[Date "2023.08.08"]
[Round "8"]
[White "Jaracz, Pawel"]
[Black "Morkunas, Gustas"]
[Result "1-0"]
[WhiteElo "2472"]
[BlackElo "2074"]
[PlyCount "55"]
[EventDate "2023.08.08"]
[EventType "swiss (blitz)"]
[EventRounds "11"]
[EventCountry "USA"]
[SourceTitle "EXT 2024"]
[Source "ChessBase"]
[SourceDate "2023.10.10"]
[SourceVersion "1"]
[SourceVersionDate "2023.10.10"]
[SourceQuality "1"]

1. e4 c5 2. Nf3 e6 3. d4 cxd4 4. Nxd4 a6 5. Bd3 Bc5 6. Nb3 Ba7 7. c4 Nc6 8. 0-0 Nge7 9. Qe2 d6 10. Be3 0-0 11. Nc3 e5 12. Bxa7 Rxa7 13. Rfd1 Be6 14. Qe3 b6 15. Be2 Rd7 16. Rac1 f5 17. Nd5 f4 18. Qxb6 Qxb6 19. Nxb6 Rb7 20. Nd5 Bxd5 21. cxd5 Nb4 22. Na5 Rb6 23. a3 Na2 24. Rc2 Rfb8 25. b4 Nxb4 26. axb4 Rxb4 27. Nc6 Nxc6 28. dxc6 1-0

[Event "Titled Tuesday intern op 08th Aug Early"]
[Site "Chess.com INT"]
[Date "2023.08.08"]
[Round "5"]
[White "Morkunas, Gustas"]
[Black "Csonka, Balazs"]
[Result "0-1"]
[WhiteElo "2074"]
[BlackElo "2480"]
[PlyCount "78"]
[EventDate "2023.08.08"]
[EventType "swiss (blitz)"]
[EventRounds "11"]
[EventCountry "USA"]
[SourceTitle "EXT 2024"]
[Source "ChessBase"]
[SourceDate "2023.10.10"]
[SourceVersion "1"]
[SourceVersionDate "2023.10.10"]
[SourceQuality "1"]

1. e4 e5 2. Nf3 Nc6 3. Bb5 Nf6 4. d3 Ne7 5. Nxe5 c6 6. Ba4 Qa5+ 7. c3 Qxe5 8. 0-0 Qc7 9. Re1 d6 10. f4 g6 11. e5 Nfd5 12. c4 Nb6 13. Bc2 Bg7 14. exd6 Qxd6 15. Nc3 0-0 16. Ne4 Qd8 17. a4 a5 18. Be3 Nf5 19. Bf2 Nd7 20. Rb1 Nd4 21. c5 Nf6 22. Nd6 Nf5 23. Nc4 Be6 24. Nb6 Ra7 25. b4 axb4 26. Rxb4 Nd5 27. Rbe4 Nc3 28. Qf3 Nxe4 29. dxe4 Nd4 30. Qd3 Nxc2 31. Qxc2 Qf6 32. g3 Qc3 33. Qd1 Raa8 34. Nxa8 Rxa8 35. e5 Bd5 36. Bd4 Qc4 37. Bf2 Qxa4 38. f5 Qxd1 39. Rxd1 Bxe5 0-1

[Event "Titled Tuesday intern op 08th Aug Early"]
[Site "Chess.com INT"]
[Date "2023.08.08"]
[Round "9"]
[White "Morkunas, Gustas"]
[Black "Rychagov, Andrey"]
[Result "0-1"]
[WhiteElo "2074"]
[BlackElo "2543"]
[PlyCount "80"]
[EventDate "2023.08.08"]
[EventType "swiss (blitz)"]
[EventRounds "11"]
[EventCountry "USA"]
[SourceTitle "EXT 2024"]
[Source "ChessBase"]
[SourceDate "2023.10.10"]
[SourceVersion "1"]
[SourceVersionDate "2023.10.10"]
[SourceQuality "1"]

1. e4 c5 2. Nf3 e6 3. d4 cxd4 4. Nxd4 a6 5. Nc3 b5 6. Bd3 Bc5 7. Nf3 d6 8. 0-0 Nf6 9. Qe2 Bb7 10. a3 Nbd7 11. Bf4 e5 12. Bg3 0-0 13. Nh4 g6 14. Kh1 Nh5 15. Qg4 Ndf6 16. Qe2 Re8 17. Rae1 Qd7 18. Qd2 Ng4 19. h3 Ngf6 20. Qg5 Qd8 21. Nf5 Nxg3+ 22. fxg3 Re6 23. Nh6+ Kg7 24. Nf5+ Kh8 25. Nh6 Qe7 26. Kh2 Rf8 27. Rf3 Nh5 28. Qxe7 Rxe7 29. Ref1 Kg7 30. g4 Kxh6 31. gxh5 Kxh5 32. Rf6 Kh6 33. g4 Kg7 34. g5 h6 35. gxh6+ Kxh6 36. Kg3 Kg7 37. h4 Rh8 38. b4 Bd4 39. Nd5 Bxd5 40. exd5 e4 0-1

[Event "Titled Tuesday intern op 08th Aug Early"]
[Site "Chess.com INT"]
[Date "2023.08.08"]
[Round "7"]
[White "Morkunas, Gustas"]
[Black "Seemann, Jakub"]
[Result "1-0"]
[WhiteElo "2074"]
[BlackElo "2429"]
[PlyCount "149"]
[EventDate "2023.08.08"]
[EventType "swiss (blitz)"]
[EventRounds "11"]
[EventCountry "USA"]
[SourceTitle "EXT 2024"]
[Source "ChessBase"]
[SourceDate "2023.10.10"]
[SourceVersion "1"]
[SourceVersionDate "2023.10.10"]
[SourceQuality "1"]

1. e4 g6 2. d4 Bg7 3. Nc3 d6 4. Be3 Nd7 5. Qd2 e6 6. Nf3 h6 7. Bc4 Ne7 8. 0-0 b6 9. Bb3 Bb7 10. Rfe1 Kf8 11. Rad1 Kg8 12. h4 Kh7 13. a4 a6 14. Bf4 Nf6 15. e5 Nfd5 16. Nxd5 Bxd5 17. Bxd5 Nxd5 18. Bg3 b5 19. axb5 axb5 20. b3 b4 21. Ra1 Qd7 22. Qd3 Qc6 23. h5 Qc3 24. hxg6+ fxg6 25. Qxc3 bxc3 26. exd6 cxd6 27. Bxd6 Rhe8 28. Rxa8 Rxa8 29. Rxe6 Ra2 30. Re2 Kg8 31. g3 Kf7 32. Kg2 g5 33. Ne5+ Bxe5 34. Rxe5 Nf6 35. Re2 Nd5 36. Re5 Nf6 37. Re2 g4 38. f3 h5 39. fxg4 hxg4 40. Bb4 Nd5 41. Bd6 Kf6 42. Kf2 Ra1 43. Re5 Nb6 44. Rc5 Ke6 45. Be5 Nd5 46. Rc6+ Ke7 47. Rc5 Ke6 48. Rc6+ Kf5 49. Ke2 Ke4 50. Bg7 Nb4 51. Rxc3 Nd5 52. Rc6 Nb4 53. Re6+ Kd5 54. Re5+ Kd6 55. c3 Nd5 56. c4 Ra2+ 57. Kd3 Nb4+ 58. Ke4 Nc6 59. c5+ Kd7 60. Rg5 Re2+ 61. Kf4 Ne7 62. Kxg4 Rf2 63. Be5 Ke6 64. b4 Nd5 65. b5 Ne3+ 66. Kh3 Rf1 67. g4 Rg1 68. Bg3 Nd5 69. Re5+ Kf6 70. Rxd5 Kg6 71. Rf5 Rh1+ 72. Kg2 Rb1 73. Bf2 Rb2 74. c6 Rxb5 75. Rxb5 1-0

[Event "Titled Tuesday intern op 01st Aug Early"]
[Site "Chess.com INT"]
[Date "2023.08.01"]
[Round "1"]
[White "Morkunas, Gustas"]
[Black "Mitrabha, Guha"]
[Result "0-1"]
[WhiteElo "2074"]
[BlackElo "2505"]
[PlyCount "94"]
[EventDate "2023.08.01"]
[EventType "swiss (blitz)"]
[EventRounds "11"]
[EventCountry "USA"]
[SourceTitle "EXT 2024"]
[Source "ChessBase"]
[SourceDate "2023.10.10"]
[SourceVersion "1"]
[SourceVersionDate "2023.10.10"]
[SourceQuality "1"]

1. e4 c6 2. d4 d5 3. exd5 cxd5 4. Bd3 Nf6 5. h3 Nc6 6. c3 e6 7. Bf4 Bd6 8. Bxd6 Qxd6 9. Nf3 0-0 10. 0-0 b6 11. Re1 a5 12. Qe2 h6 13. Nbd2 Qc7 14. a4 Bb7 15. Ne5 Nxe5 16. dxe5 Nd7 17. Bc2 Ba6 18. Qg4 Nxe5 19. Qg3 f6 20. f4 Nc6 21. Rxe6 Nd4 22. cxd4 Qxc2 23. Re7 Rf7 24. Rxf7 Kxf7 25. Nf3 Re8 26. h4 h5 27. Kh2 Bd3 28. Ne1 Qxb2 29. Rd1 Be4 30. Nf3 Rc8 31. Re1 Rc3 32. Kh1 Rc1 33. f5 Bxf5 34. Rxc1 Qxc1+ 35. Kh2 Qc8 36. Qd6 Be4 37. Qxb6 Kg6 38. Qxa5 Qb8+ 39. Kh3 Bf5+ 40. g4 hxg4+ 41. Kg2 gxf3+ 42. Kxf3 Be4+ 43. Kf2 Qf4+ 44. Ke2 Qf3+ 45. Kd2 Qf2+ 46. Kc3 Qe1+ 47. Kb2 Qxa5 0-1

[Event "Titled Tuesday intern op 01st Aug Early"]
[Site "Chess.com INT"]
[Date "2023.08.01"]
[Round "10"]
[White "Morkunas, Gustas"]
[Black "Vivaan, Vishal Shah"]
[Result "0-1"]
[WhiteElo "2074"]
[BlackElo "2047"]
[PlyCount "70"]
[EventDate "2023.08.01"]
[EventType "swiss (blitz)"]
[EventRounds "11"]
[EventCountry "USA"]
[SourceTitle "EXT 2024"]
[Source "ChessBase"]
[SourceDate "2023.10.10"]
[SourceVersion "1"]
[SourceVersionDate "2023.10.10"]
[SourceQuality "1"]

1. e4 c5 2. Nf3 d6 3. d4 cxd4 4. Nxd4 Nf6 5. Nc3 g6 6. Be2 Bg7 7. 0-0 0-0 8. Bg5 Nc6 9. Nb3 Bd7 10. f4 Rc8 11. Bf3 a6 12. Qd2 b5 13. Rad1 Re8 14. Rfe1 Qb6+ 15. Kh1 Ng4 16. Re2 h5 17. h3 Nh6 18. Nd5 Qb7 19. e5 Nf5 20. Qe1 dxe5 21. Nc5 Qa7 22. Nxd7 Ncd4 23. Qf2 Qxd7 24. c3 Nxe2 25. Nf6+ exf6 26. Rxd7 Neg3+ 27. Kh2 fxg5 28. Bd5 exf4 29. Bxf7+ Kh7 30. Bxe8 Rxe8 31. a4 Re2 32. Qg1 f3 33. axb5 f2 34. Qxf2 Rxf2 35. bxa6 Rf1 0-1

[Event "Titled Tuesday intern op 01st Aug Early"]
[Site "Chess.com INT"]
[Date "2023.08.01"]
[Round "6"]
[White "Morkunas, Gustas"]
[Black "Weishaeutel, Moritz"]
[Result "1-0"]
[WhiteElo "2074"]
[BlackElo "2427"]
[PlyCount "71"]
[EventDate "2023.08.01"]
[EventType "swiss (blitz)"]
[EventRounds "11"]
[EventCountry "USA"]
[SourceTitle "EXT 2024"]
[Source "ChessBase"]
[SourceDate "2023.10.10"]
[SourceVersion "1"]
[SourceVersionDate "2023.10.10"]
[SourceQuality "1"]

1. e4 e5 2. Nf3 Nf6 3. d4 Nxe4 4. Bd3 d5 5. Nxe5 Nd7 6. 0-0 Bd6 7. Nc3 Nxe5 8. dxe5 Bxe5 9. Nxe4 dxe4 10. Bxe4 Qh4 11. g3 Qxe4 12. Re1 Qc6 13. Rxe5+ Be6 14. c3 0-0 15. Be3 Bh3 16. f3 Rfe8 17. Rxe8+ Rxe8 18. Bf2 h5 19. Qd3 Re6 20. Rd1 Rf6 21. Qe4 Rxf3 22. Qxc6 bxc6 23. Bxa7 h4 24. Bf2 hxg3 25. Bxg3 f5 26. Bxc7 g5 27. a4 f4 28. a5 Re3 29. a6 Bc8 30. Rd8+ Kf7 31. Rxc8 f3 32. Kf2 Re2+ 33. Kxf3 Rxb2 34. a7 Rc2 35. Be5 Rxc3+ 36. Bxc3 1-0

[Event "Titled Tuesday intern op 01st Aug Early"]
[Site "Chess.com INT"]
[Date "2023.08.01"]
[Round "9"]
[White "Shoboev, Dandar"]
[Black "Morkunas, Gustas"]
[Result "0-1"]
[WhiteElo "2250"]
[BlackElo "2074"]
[PlyCount "96"]
[EventDate "2023.08.01"]
[EventType "swiss (blitz)"]
[EventRounds "11"]
[EventCountry "USA"]
[SourceTitle "EXT 2024"]
[Source "ChessBase"]
[SourceDate "2023.10.10"]
[SourceVersion "1"]
[SourceVersionDate "2023.10.10"]
[SourceQuality "1"]

1. d4 d5 2. c4 dxc4 3. e3 Nf6 4. Bxc4 e6 5. Nf3 c5 6. 0-0 a6 7. a4 Nc6 8. Nc3 Be7 9. d5 exd5 10. Nxd5 Nxd5 11. Bxd5 Nb4 12. Bc4 0-0 13. e4 Be6 14. Bxe6 fxe6 15. Qb3 Qc8 16. Ne5 Bf6 17. Nc4 Qc7 18. a5 Rad8 19. Be3 Rd3 20. Qa4 Bd4 21. Rad1 Rxd1 22. Rxd1 Bxe3 23. Nxe3 Qf4 24. Rf1 Qxe4 25. Qd7 Nd3 26. Nd1 Nf4 27. f3 Qg6 28. Ne3 Qg5 29. Kh1 Rd8 30. Qxb7 h5 31. g3 Ne2 32. Qe4 Nd4 33. f4 Qf6 34. Nc4 h4 35. g4 Nb5 36. Ne5 Rd4 37. Qe3 Nc7 38. f5 Nd5 39. Qe1 exf5 40. Rxf5 Qe6 41. Qxh4 Ne3 42. Rf8+ Kxf8 43. Qh8+ Ke7 44. Qxg7+ Kd6 45. Qf8+ Kxe5 46. Qg7+ Kd5 47. Qg5+ Kc4 48. Qg7 Rd1# 0-1

[Event "Titled Tuesday intern op 25th Jul Early"]
[Site "Chess.com INT"]
[Date "2023.07.25"]
[Round "8"]
[White "Koellner, Ruben Gideon"]
[Black "Morkunas, Gustas"]
[Result "1-0"]
[WhiteElo "2453"]
[BlackElo "2074"]
[PlyCount "107"]
[EventDate "2023.07.25"]
[EventType "swiss (blitz)"]
[EventRounds "11"]
[EventCountry "USA"]
[SourceTitle "EXT 2024"]
[Source "ChessBase"]
[SourceDate "2023.10.10"]
[SourceVersion "1"]
[SourceVersionDate "2023.10.10"]
[SourceQuality "1"]

1. d4 d5 2. Nf3 Nf6 3. e3 e6 4. Nbd2 c5 5. c3 Nc6 6. Bd3 Be7 7. 0-0 0-0 8. dxc5 Bxc5 9. b4 Bd6 10. Bb2 a6 11. a3 Qe7 12. c4 dxc4 13. Nxc4 Bc7 14. Rc1 Rd8 15. Qc2 h6 16. Rfd1 Bd7 17. Qb1 Be8 18. h3 Rac8 19. e4 e5 20. Ne3 Qf8 21. Bc4 b5 22. Bb3 Bb6 23. Nd5 Nxd5 24. exd5 Nd4 25. Nxd4 Rxc1 26. Qxc1 exd4 27. Bxd4 Bxd4 28. Rxd4 Qd6 29. Qf4 Qxf4 30. Rxf4 Kf8 31. Re4 f6 32. Kf1 Bf7 33. Rd4 Ke7 34. d6+ Kf8 35. Bc2 Bc4+ 36. Ke1 Ke8 37. Kd2 Kd7 38. Bf5+ Kc6 39. Be4+ Kb6 40. Ke3 Be6 41. Kf4 a5 42. Bf5 Bf7 43. Bd3 axb4 44. axb4 Kc6 45. Be4+ Kb6 46. Kf5 Bg8 47. Kg6 Rd7 48. Bf5 Bf7+ 49. Kxg7 Be6+ 50. Kxf6 Bxf5 51. Kxf5 Kc6 52. Ke6 Rd8 53. d7 Kc7 54. Ke7 1-0

[Event "Titled Tuesday intern op 25th Jul Early"]
[Site "Chess.com INT"]
[Date "2023.07.25"]
[Round "3"]
[White "Montano, Vicente Guadalupe"]
[Black "Morkunas, Gustas"]
[Result "0-1"]
[WhiteElo "1809"]
[BlackElo "2074"]
[PlyCount "74"]
[EventDate "2023.07.25"]
[EventType "swiss (blitz)"]
[EventRounds "11"]
[EventCountry "USA"]
[SourceTitle "EXT 2024"]
[Source "ChessBase"]
[SourceDate "2023.10.10"]
[SourceVersion "1"]
[SourceVersionDate "2023.10.10"]
[SourceQuality "1"]

1. d4 Nf6 2. c4 g6 3. Nc3 Bg7 4. e4 d6 5. h3 0-0 6. Be3 Nc6 7. Nf3 e5 8. d5 Nd4 9. Nxd4 exd4 10. Bxd4 Nxe4 11. Nxe4 Qh4 12. Bxg7 Qxe4+ 13. Qe2 Qxe2+ 14. Bxe2 Kxg7 15. 0-0 Re8 16. Bd3 h5 17. Rfe1 Bd7 18. Kf1 Kf6 19. h4 a5 20. b3 b6 21. f3 Rxe1+ 22. Kxe1 Ke5 23. Kd2 Kd4 24. Re1 Re8 25. Re4+ Rxe4 26. Bxe4 Be8 27. g3 f6 28. Bd3 g5 29. Bf1 gxh4 30. gxh4 Bg6 31. Be2 f5 32. a4 f4 33. Bd1 Bb1 34. Be2 Bf5 35. Bf1 Bg6 36. Be2 Bb1 37. Bd1 Bd3 0-1